The perils of jumping the gun (Record no. 71956)
[ view plain ]
| 000 -LEADER | |
|---|---|
| fixed length control field | 01521cam a2200241 4500 |
| 001 - CONTROL NUMBER | |
| control field | ABS66376 |
| 008 - FIXED-LENGTH DATA ELEMENTS--GENERAL INFORMATION | |
| fixed length control field | 030122n2003 000 0 eng u |
| 035 ## - SYSTEM CONTROL NUMBER | |
| System control number | (Sirsi) u121096 |
| 100 ## - MAIN ENTRY--PERSONAL NAME | |
| Personal name | Harnett, M. |
| 245 #4 - TITLE STATEMENT | |
| Title | The perils of jumping the gun |
| 260 ## - PUBLICATION, DISTRIBUTION, ETC. | |
| Date of publication, distribution, etc. | 2003 |
| 490 ## - SERIES STATEMENT | |
| Series statement | Estates Gazette |
| Volume/sequential designation | (0303) 18 January 2003, 117(1) |
| 520 ## - SUMMARY, ETC. | |
| Summary, etc. | Examines the implications of "Henry Boot Homes v Bassettlaw DC" (CA Abs66279) for developers, planning authorities and landlords. Confirmed that developers who begin development before planning consent pre-conditions are met will risk losing their consent. Compliance with the conditions can be avoided by making a formal application under the Town and Country Planning Act 1990 s73, but this can only be done where the original consent is still alive. Points out the risk of enforcement action for owners of developments completed less than four years ago, and highlights the problems for planning authorities if consent has not been implemented and the development becomes immune from enforcement. This could give landowners unrestricted consent with the option to remarket the site. Judgment available atwww.courtservice.gov.uk. |
| 590 ## - LOCAL NOTE (RLIN) | |
| Local note | ABS |
| 650 ## - SUBJECT ADDED ENTRY--TOPICAL TERM | |
| Topical term or geographic name entry element | HENRY BOOT HOMES LTD V BASSETLAW DC |
| 650 ## - SUBJECT ADDED ENTRY--TOPICAL TERM | |
| Topical term or geographic name entry element | TOWN AND COUNTRY PLANNING ACT 1990 S73 |
| 650 ## - SUBJECT ADDED ENTRY--TOPICAL TERM | |
| Topical term or geographic name entry element | PLANNING CONSENT |
| 650 ## - SUBJECT ADDED ENTRY--TOPICAL TERM | |
| Topical term or geographic name entry element | PLANNING CONDITIONS |
| 650 ## - SUBJECT ADDED ENTRY--TOPICAL TERM | |
| Topical term or geographic name entry element | DEVELOPERS |
| 650 ## - SUBJECT ADDED ENTRY--TOPICAL TERM | |
| Topical term or geographic name entry element | ENFORCEMENT ACTION |
| 690 ## - LOCAL SUBJECT ADDED ENTRY--TOPICAL TERM (OCLC, RLIN) | |
| Topical term or geographic name as entry element | ENVIRONMENTAL AND LAND CONSULTANCY-PLANNING AND DEVELOPMENT |
| 942 ## - ADDED ENTRY ELEMENTS (KOHA) | |
| Suppress in OPAC | 0 |
| Withdrawn status | Lost status | Source of classification or shelving scheme | Damaged status | Not for loan | Home library | Current library | Shelving location | Date acquired | Total Checkouts | Full call number | Barcode | Date last seen | Copy number | Price effective from | Koha item type |
|---|---|---|---|---|---|---|---|---|---|---|---|---|---|---|---|
| Dewey Decimal Classification | London | London | Journal article | 22/01/2003 | ABS66376 | 121096-1001 | 06/08/2019 | 1 | 06/08/2019 | Journal article |